000 00707nam a2200241Ia 4500
003 OSt
005 20220930070003.0
006 a|||||r|||| 00| 0
007 ta
008 220926b |||||||| |||| 00| 0 eng d
024 _a6356
037 _cTheses
040 _aCRL
_cCRL
_beng
041 _2eng
_aeng
100 _aRattan Brijinder Singh
_9526622
110 _aUniversity of Delhi. Faculty of Arts. Department of Punjabi
_9519628
245 0 _aShiv Batavalvi
_b The poetry of growth
260 _c1986
650 _aPUNJABI LITERATURE
700 _aUniversity of Delhi. Faculty of Arts. Department of Punjabi
_9519631
942 _cDIS
_2CC
999 _c860278
_d860278